• 首页
  • 本馆介绍
  • 公告通知
  • 最新文献
  • 馆藏检索
  • 电子资源
  • 读者导购
  • 参考咨询
  • 我的图书馆
  • 登录
  • 详细信息显示
  • 放入我的书架
  • 预约/预借图书
  • 作者相关作品
  • 分类相关作品
  • 丛书相关作品
  • 出版社相关作品

书目信息

  • 表格格式
  • 工作单格式
  • 卡片格式
题名:
黄帝内经饮食养生宝典
    
 
作者: 张湖德 , 杨凤玲 , 张煜 主编
分册:  
出版信息: 北京   中国科学技术出版社  2018.01
页数: 241页
开本: 25cm
丛书名:
单 册:
中图分类: R221 , R247.1
科图分类:
主题词:
电子资源:
ISBN: 978-7-5046-7523-1
000 01052nam0 2200289 450
001 0120172329926
005 20180905154307.51
010    @a978-7-5046-7523-1@b精装@dCNY48.50
100    @a20180307d2018 em y0chiy50 ea
101 0  @achi
102    @aCN@b110000
105    @ay z 000yy
106    @ar
200 1  @a黄帝内经饮食养生宝典@9huang di nei jing yin shi yang sheng bao dian@e典藏版@f张湖德,杨凤玲,张煜主编
205    @a修订版
210    @a北京@c中国科学技术出版社@d2018.01
215    @a241页@d25cm
330    @a全书共分为五章,第一章为总论,包括饮食养生的基础理论,食物的性味和应用,以及饮食保健的发展等;第二至五章分述了食养、食疗、食补、食忌的相关知识,并介绍了约200种食品和500种食谱的制作、保健功效及其在疾病防治中的应用。
333    @a食物养生爱好者
605    @a《内经》@x食物养生
690    @aR221@v5
690    @aR247.1@v5
701  0 @a张湖德@9zhang hu de@4主编
701  0 @a杨凤玲@9yang feng ling@4主编
701  0 @a张煜@9zhang yu@4主编
801  0 @aCN@b人天书店@c20180307
905    @b1090947-51@dR221@e418=2@f5
    
    黄帝内经饮食养生宝典:典藏版/张湖德,杨凤玲,张煜主编.-修订版.-北京:中国科学技术出版社,2018.01
    241页;25cm
    使用对象:食物养生爱好者
    
    ISBN 978-7-5046-7523-1(精装):CNY48.50
    全书共分为五章,第一章为总论,包括饮食养生的基础理论,食物的性味和应用,以及饮食保健的发展等;第二至五章分述了食养、食疗、食补、食忌的相关知识,并介绍了约200种食品和500种食谱的制作、保健功效及其在疾病防治中的应用。
●
相关链接 在E读中查询图书 在五车中查询图书 在当当中查询图书 在豆瓣中查询图书


正题名:黄帝内经饮食养生宝典     索取号:R221/418=2         预约/预借

序号 登录号 条形码 馆藏地/架位号 状态 备注
1 1090947   210909472   第二样本阅览室/ [索取号:R221/418=2] 在馆    
2 1090948   210909481   教育系资料室/ [索取号:R221/418=2] 在馆    
3 1090949   210909490   教育系资料室/ [索取号:R221/418=2] 在馆    
4 1090950   210909506   第三借阅区/ [索取号:R221/418=2] 在馆    
5 1090951   210909515   第三借阅区/ [索取号:R221/418=2] 在馆    
唐山师范学院图书馆 欢迎您!
大连网信软件有限公司© 版权所有